| 000 | 00606cam a2200193 a 4500 | ||
|---|---|---|---|
| 020 | _a0205159621 | ||
| 040 | _cDLC | ||
| 082 | 0 | 0 | _a428 PRE 1996 A022 Or. |
| 100 | 1 | _aGiannotti, Janet. | |
| 245 | 1 | 0 |
_aTalking about the U.S.A. : _ban active introduction to American culture / |
| 246 | 3 | 0 | _aTalking about the USA |
| 246 | 3 | _aTalking about the United States of America | |
| 260 |
_aUpper Saddle River, N.J. : _bPrentice Hall Regents, _cc1996. |
||
| 300 |
_avii, 236 p. : _bill., maps ; _c28 cm. |
||
| 650 | 0 | _aReaders | |
| 650 | 0 | _aEnglish language | |
| 700 | 1 | _aSzwarcewicz, Suzanne Mele. | |
| 942 | _cEK | ||
| 999 |
_c12463 _d12463 |
||